SASTERA : (Record no. 183683)

MARC details
000 -LEADER
fixed length control field 00813nam a22002537i 4500
005 - DATE AND TIME OF LATEST TRANSACTION
control field 20210427122959.0
008 - FIXED-LENGTH DATA ELEMENTS--GENERAL INFORMATION
fixed length control field 210427t19941994my ||||e |||| 00| 0 may d
020 ## - INTERNATIONAL STANDARD BOOK NUMBER
International Standard Book Number 9789836243492
Qualifying information paperback
040 ## - CATALOGING SOURCE
Original cataloging agency PPAK
Language of cataloging eng
Transcribing agency PPAK
Description conventions rda
082 02 - DEWEY DECIMAL CLASSIFICATION NUMBER
Edition number 23
Classification number 899.2309
090 00 - LOCALLY ASSIGNED LC-TYPE CALL NUMBER (OCLC); LOCAL CALL NUMBER (RLIN)
Classification number (OCLC) (R) ; Classification number, CALL (RLIN) (NR) 899.2309
Feature heading SHA
Feature heading KAO
100 0# - MAIN ENTRY--PERSONAL NAME
Personal name Shahnon Ahmad,
Titles and words associated with a name Datuk Haji,
Dates associated with a name 1933-
Relator term author.
245 10 - TITLE STATEMENT
Title SASTERA :
Remainder of title Pengalaman ilmu imaginasi dan kitarannya /
Statement of responsibility, etc. SHAHNON AHMAD
264 #1 - PRODUCTION, PUBLICATION, DISTRIBUTION, MANUFACTURE, AND COPYRIGHT NOTICE
Place of production, publication, distribution, manufacture Kuala Lumpur :
Name of producer, publisher, distributor, manufacturer Dewan Bahasa dan Pustaka,
Date of production, publication, distribution, manufacture, or copyright notice 1994
Date of production, publication, distribution, manufacture, or copyright notice ©1994
300 ## - PHYSICAL DESCRIPTION
Extent xxiii, 161 pages ;
Dimensions 21 cm
336 ## - CONTENT TYPE
Source rdacontent
Content type term text
337 ## - MEDIA TYPE
Source rdamedia
Media type term unmediated
338 ## - CARRIER TYPE
Source rdacarrier
Carrier type term volume
500 ## - GENERAL NOTE
General note Includes index.
650 10 - SUBJECT ADDED ENTRY--TOPICAL TERM
Topical term or geographic name entry element Literature
General subdivision Authorship
Topical term or geographic name entry element Literature
General subdivision History and criticism
942 ## - ADDED ENTRY ELEMENTS (KOHA)
Source of classification or shelving scheme Dewey Decimal Classification
Koha item type Book
Holdings
Withdrawn Not for loan Current library Shelving location Date acquired Total Checkouts Full call number Barcode Date last seen Koha item type
  Not For Loan Perpustakaan Jitra Koleksi Asmah Haji Omar 03/08/2021   KAO 899.2309 SHA KAO000033 03/08/2021 Book